The Race of My Life (Record no. 12559)

MARC details
000 -LEADER
fixed length control field 00259nam a22000977a 4500
008 - FIXED-LENGTH DATA ELEMENTS--GENERAL INFORMATION
fixed length control field 240405b |||||||| |||| 00| 0 eng d
020 ## - INTERNATIONAL STANDARD BOOK NUMBER
International Standard Book Number 9788129129109
100 ## - MAIN ENTRY--PERSONAL NAME
Personal name Singh Milka
9 (RLIN) 7761
245 ## - TITLE STATEMENT
Title The Race of My Life
260 ## - PUBLICATION, DISTRIBUTION, ETC. (IMPRINT)
Place of publication, distribution, etc. New Delhi
Name of publisher, distributor, etc. Rupa Publications
Date of publication, distribution, etc. 2013
Holdings
Withdrawn status Lost status Source of classification or shelving scheme Damaged status Koha normalized classification for sorting Not for loan Home library Current library Shelving location Date acquired Total Checkouts Full call number Barcode Date last seen Price effective from Koha item type
    Dewey Decimal Classification   SIN_920_000000000000000   Good Samaritan School Library Good Samaritan School Library Biography 04/05/2024   SIN920 SIN17839 04/05/2024 04/05/2024 BOOK

Powered by Koha